Nina Nolte / (Record no. 1182)

MARC details
000 -LEADER
campo de control de longitud fija 00857nam a22002537a 4500
008 - DATOS DE LONGITUD FIJA--INFORMACIÓN GENERAL
campo de control de longitud fija 170506b xxu||||| |||| 00| 0 eng d
082 04 - NÚMERO DE LA CLASIFICACIÓN DECIMAL DEWEY
Número de clasificación 708
Número de ítem N798na
100 1# - ENTRADA PRINCIPAL--NOMBRE DE PERSONA
Nombre de persona Nolte, Nina.
9 (RLIN) 5790
245 10 - MENCIÓN DEL TÍTULO
Título Nina Nolte /
Mención de responsabilidad, etc. Nina Nolte ; texto por Jost Funke ; Galería de Arte Minkner.
250 ## - MENCION DE EDICION
Mención de edición 1a ed.
260 ## - PUBLICACIÓN, DISTRIBUCIÓN, ETC.
Lugar de publicación, distribución, etc. España :
Nombre del editor, distribuidor, etc. Hispano Commerzbank,
Fecha de publicación, distribución, etc. 1999.
300 ## - DESCRIPCIÓN FÍSICA
Extensión 30 p.
Otras características físicas il. col.
500 ## - NOTA GENERAL
Nota general Catálogo publicado con motivo a la exposición "Nina Nolte", presentada en la Galería Minkner, de marzo a mayo de 1999.
653 10 - TÉRMINO DE INDIZACIÓN--NO CONTROLADO
Término no controlado Arte contemporáneo
653 10 - TÉRMINO DE INDIZACIÓN--NO CONTROLADO
Término no controlado Catálogo de exhibición
653 10 - TÉRMINO DE INDIZACIÓN--NO CONTROLADO
Término no controlado Exhibiciones
653 10 - TÉRMINO DE INDIZACIÓN--NO CONTROLADO
Término no controlado Arte - Salvador
653 10 - TÉRMINO DE INDIZACIÓN--NO CONTROLADO
Término no controlado Arte - España
653 10 - TÉRMINO DE INDIZACIÓN--NO CONTROLADO
Término no controlado Pintura acrílica
653 10 - TÉRMINO DE INDIZACIÓN--NO CONTROLADO
Término no controlado Pintores
653 10 - TÉRMINO DE INDIZACIÓN--NO CONTROLADO
Término no controlado Lenguaje pictórico
700 1# - ENTRADA AGREGADA--NOMBRE PERSONAL
Nombre de persona Funke, Jost.
9 (RLIN) 5791
710 1# - ENTRADA AGREGADA--NOMBRE DE ENTIDAD CORPORATIVA
Nombre de entidad corporativa o nombre de jurisdicción como elemento de entrada Galería de Arte Minkner.
9 (RLIN) 5792
Holdings
Estatus retirado Estado de pérdida Fuente del sistema de clasificación o colocación Estado de daño No para préstamo Biblioteca de origen Biblioteca actual Ubicación en estantería Fecha de adquisición Total de préstamos Signatura topográfica completa Código de barras Visto por última vez Precio de reemplazo Tipo de ítem Koha
    Clasificación Decimal Dewey     Biblioteca LadoV Biblioteca LadoV   06/05/2017   708 N798na 001093 06/05/2017 06/05/2017 Material 01